000 01214nam a2200289 i 4500
001 66893
003 ES-MaACL
005 20250904205329.0
007 t|
008 031105s2003 sp a |||| | spa d
020 _a84-7075-507-2 Fundación Juan March
080 _a74/76 Kandinskiï, Vasiliï Vasil'evich (083.824)
100 1 _aKandinsky, Wassily (
_d1866-1944)
_967484
245 1 0 _aKandinsky [
_hexposición]
_b: origen de la abstracción : Fundación Juan March, 8 octubre 2003-25 enero 2004 /
_c[organizada por la Fundación Juan March y la Fundación Caixa Catalunya ; textos, Valeriano Bozal, Marion Ackermann, Vassily Kandinsky ; traducción, Carme Gala].
260 _a[Madrid] :
_bFundación Juan March,
_c[2003]
300 _a160 p. :
_bil. col. y n. ;
_c29 cm.
600 1 4 _aKandinsky, Wassily (
_d1866-1944)-
_vExposiciones.
_9163374
655 7 _2tgfbne
_9193628
_aCatálogos de exposiciones
700 1 _aBozal, Valeriano,
_d1940-2023
_9242225
700 1 _aAckermann, Marion.
_918285
700 1 _aGala, Carme.
_953276
710 2 _aFundación Juan March
_94346
710 2 _aFundació Caixa de Catalunya.
_94202
852 _aES-MaACL
_jL-27380
942 _2udc
999 _c66893
_d66893